| 000 | 00763nam a22002534a 4500 | ||
|---|---|---|---|
| 001 | UByD003715 | ||
| 003 | AR-LpoUNG | ||
| 005 | 20260109123550.0 | ||
| 008 | 250214s1961 sp 000 0 spa d | ||
| 040 |
_aAR-LpoUNG _bspa _cAR-LpoUNG _eaacr |
||
| 041 | 0 | _aspa | |
| 082 | 0 | _a410 542est | |
| 100 | 1 | _aMenéndez Pidal, Ramón | |
| 245 | 1 | 0 |
_aEstudios de lingüística : _blas leyes fonéticas, menendus, el diccionario ideal, y otros |
| 260 |
_aMadrid : _bEspasa-Calpe, _c1961. |
||
| 300 | _a147 p. | ||
| 650 | 4 | _aLingüística | |
| 650 | 4 | _aFonética | |
| 650 | 4 | _aAnálisis histórico | |
| 650 | 4 | _aEstudio de la lengua | |
| 650 | 4 | _aLengua española | |
| 942 |
_2ddc _cLIB |
||
| 999 |
_c66405 _d66405 |
||